1444 1506 1224 1551 1567 1430 1228 1003 1265 1039 1864 1122 1679 1070 1552 1740 1162 1345 1146 1011 1847 1814 1720 1349 1098 1949 1242 1901 1758 1139 1027 1305 1124 1577 1546 1984 1030 1468 1616 1736 1205 1675 1754 1368 1547 1822 1387 1764 1777 1782 1929 1716 1563 1709 1000 1893 1128 1653 1142 1395 1529 1263 1342 1427 1367 1442 1974 1255 1341 1716 1409 1546 1176 1420 1219 1008 1031 1664 1299 1492 1299 1963 1091 1811 1183 1774 1135 1130 1519 1630 1366 1487 1910 1771 1242 1876 1197 1814 1056 BCNSPRNW ULIB Ver.6.0+V

เปลี่ยนเป็นภาษาไทย

Change to English
 แสดงรายละเอียดบรรณานุกรม
  กลับหน้าหลัก

Brief Record : Get Marc (ISO 2709) : E-mail record : QR code < ปิดหน้าต่าง
LEADER : 00000nam 2200000uu 4500
001    13399125960
003     ULIB
008    171123s2559||||th 000 0 tha d
020    ^a9786162799273
050  4 ^aBL2017.9^bอ46ส
100 0  ^aอภิรัฐ คำวัง
245 10 ^aสิงห์ปัญจาบ ณ สยามประเทศ :^bประวัติศาสตร์ ปรัชญาศาสนา สังคมวัฒนธรรม /^cอภิรัฐ คำวัง
246 31 ^aThe Singh of Punjub in Siam Pradesh : their history, philosophy, relegion, and socio-culture base
250    ^aพิมพ์ครั้งแรก
260    ^aนครปฐม :^bศูนย์ภารตะศึกษา สถาบันวิจัยภาษาและวัฒนธรรมเอเชีย มหาวิทยาลัยมหิดล,^c2559
300    ^a166 หน้า :^bภาพประกอบ
500    ^aหนังสือรวบรวมบทความวิชาการว่าด้วยเรื่องของชาวไทยซิกข์ ที่เคยตีพิมพ์ในวารสารวิชการของมหาวิทยาลัยมหิดล สาขาสังคมศาสตร์และมนุษย์ศาสตร์ ระหว่างปี พ.ศ.25353 - 2558
590    ^aGift-T-60
650  7 ^aศาสนาซิกข์
650  7 ^aซิกข์^zไทย
650  7 ^aปรัชญาซิกข์
710 2  ^aมหาวิทยาลัยมหิดล^bสถาบันวิจัยภาษาและวัฒนธรรมเอเชีย
710 2  ^aสถาบันวิจัยภาษาและวัฒนธรรมเอเชีย^bศูนย์ภารตะศึกษา
945    ^p0^l0^i003400
999    ^aประนอม เกษจรัล
รายการนี้ยังไม่มีแท็ก
คุณยังไม่ได้ล็อกอิน คุณสามารถมีกิจกรรมร่วมกับเว็บไซต์ได้ แต่ต้องล็อกอินก่อน ::
  ล็อกอิน

รายการสื่อสารสนเทศ

ลำดับที่ ประเภท เลขเรียก/บาร์โค้ด สถานที่ สถานะ
1. วิทยาศาสตร์การแพทย์ และสุขภาพ
วิทยาศาสตร์การแพทย์ และสุขภาพ
BL2017.9 อ46ส ฉ.1 
  Barcode: 003400
ห้องสมุดวิทยาเขตสวรรค์ประชารักษ์
►หนังสือทั่วไป
บนชั้น

รายการใกล้เคียง
    ผู้แต่ง [อภิรัฐ คำวัง]

BibComment


ยังไม่เคยถูกคอมเมนท์

คอมเมนท์ทรัพยากรรายการนี้
  คอมเมนท์: สิงห์ปัญจาบ ณ สย..


 Copyright 2026. Bcnsprnw @Library